| 000 | 00849nam a2200229 a 4500 | ||
|---|---|---|---|
| 001 | 000007071 | ||
| 003 | DO-SdBNP | ||
| 005 | 20250721130428.0 | ||
| 008 | 090904s1978 dr 000 0 spa d | ||
| 040 |
_aDO-SdBNP _bspa _cBNPHU |
||
| 082 | 4 |
_a972.93 _bG241r _222 |
|
| 100 | 1 |
_aGarrido Puello, Emilio Osvaldo, _d1893-1983 _919656 |
|
| 245 | 1 | 0 |
_aReflejos de ayer / _cE. O. Garrido Puello. |
| 260 |
_aSanto Domingo : _bOffset, _c1978. |
||
| 300 |
_a149 p. ; _c22 cm. |
||
| 590 | _aPerteneció a la biblioteca personal de Juan Isidro Jimenes Grullón. | ||
| 600 | 1 | 4 |
_aGarrido Puello, Emilio Osvaldo, _d1893-1983 _xRelatos personales _919657 |
| 650 | 4 |
_aCiudades y pueblos _zRepública Dominicana _xHistoria _912424 |
|
| 651 | 4 |
_aRepública Dominicana _xVida social y costumbres _9405 |
|
| 910 | _aValidado. Control de calidad BNPHU | ||
| 942 |
_2ddc _cLBS1 |
||
| 999 |
_c6854 _d6854 |
||